Selected poems, 1965-1975 /

Bibliographic Details
Main Author: Atwood, Margaret, 1939-
Format: Book
Language:English
Published: Boston : Houghton Mifflin, [1987]

MARC

Tag First Indicator Second Indicator Subfields
LEADER 00000cam a22000008a 4500
001 in00000013286
005 20151007052354.0
008 870708c19871976mau 00010 eng
010 |a  87017946  
020 |a 0395404223 :  |c $9.95 
035 |a (OCoLC)16275882 
035 |9 AAA7500AM 
040 |a DLC  |c DLC  |d TXA  |d UtOrBLW 
049 |a TXAM  |c [A11062703] 
050 0 0 |a PR9199.3.A8  |b A6 1987 
082 0 |a 811/.54  |2 19 
100 1 |a Atwood, Margaret,  |d 1939- 
245 1 0 |a Selected poems, 1965-1975 /  |c Margaret Atwood. 
263 |a 8711 
264 1 |a Boston :  |b Houghton Mifflin,  |c [1987] 
264 4 |c ©1976 
300 |a 240 pages 
336 |a text  |b txt  |2 rdacontent 
337 |a unmediated  |b n  |2 rdamedia 
338 |a volume  |b nc  |2 rdacarrier 
999 |a MARS 
999 f f |s 589cca3e-0c89-3b22-954e-745406be2197  |i 9c615c62-e36a-35aa-b587-7a8f8a1db9e6  |t 0 
952 f f |p normal  |a Texas A&M University  |b College Station  |c Sterling C. Evans Library  |d Evans: Library Stacks  |t 0  |e PR9199.3.A8 A6 1987  |h Library of Congress classification  |i unmediated -- volume  |m A14811062703 
998 f f |a PR9199.3.A8 A6 1987  |t 0  |l Evans: Library Stacks